[Event "Titled Tuesday intern op 03rd Jan Late"]
[Site "Chess.com INT"]
[Date "2025.06.03"]
[Round "8"]
[White "Catelli, Hernan"]
[Black "Tripodi, Enzo"]
[Result "0-1"]
[WhiteElo "2212"]
[BlackElo "2215"]
[PlyCount "70"]
[EventDate "2025.06.03"]
[EventType "swiss (blitz)"]
[EventRounds "11"]
[EventCountry "USA"]
[SourceTitle "CB24_2025"]
[SourceDate "2025.06.11"]
[SourceVersion "1"]
[SourceVersionDate "2025.06.11"]
[SourceQuality "1"]

1. c4 f5 2. Nc3 Nf6 3. g3 d6 4. Bg2 e5 5. d3 c6 6. e4 g6 7. Nge2 Bg7 8. 0-0 0-0 9. exf5 gxf5 10. d4 e4 11. h3 d5 12. Be3 Kh8 13. b3 Be6 14. Nf4 Bf7 15. Qe2 Nbd7 16. Rfd1 Rg8 17. Rac1 Nf8 18. Kh2 a6 19. cxd5 cxd5 20. Na4 Ne6 21. Qc2 Nxf4 22. Bxf4 Nh5 23. Be5 Qg5 24. Bxg7+ Rxg7 25. Qd2 f4 26. g4 Rag8 27. Rc7 e3 28. fxe3 fxe3 29. Qc1 Qf4+ 30. Kg1 Qf2+ 31. Kh2 Qg3+ 32. Kh1 Nf4 33. Rg1 Nxh3 34. Rc2 Nf2+ 35. Rxf2 exf2 0-1

[Event "ITA-chT Final 56th"]
[Site "Darfo Boario Terme"]
[Date "2025.04.09"]
[Round "4.39"]
[White "Cacco, Christian"]
[Black "Tripodi, Enzo"]
[Result "1-0"]
[WhiteElo "2319"]
[BlackElo "2207"]
[PlyCount "130"]
[EventDate "2025.04.07"]
[EventType "team-swiss"]
[EventRounds "9"]
[EventCountry "ITA"]
[SourceTitle "CB16_2025"]
[SourceDate "2025.04.16"]
[SourceVersion "1"]
[SourceVersionDate "2025.04.16"]
[SourceQuality "1"]
[WhiteTeam "Il Grifone D’Arzignano"]
[BlackTeam "Torino"]
[WhiteTeamCountry "ITA"]
[BlackTeamCountry "ITA"]

1. c4 c6 2. Nf3 d5 3. e3 Nf6 4. Nc3 a6 5. b3 Bg4 6. h3 Bxf3 7. Qxf3 e5 8. g3 e4 9. Qd1 Nbd7 10. d4 exd3 11. cxd5 Bb4 12. Bd2 Ne5 13. Bg2 Qa5 14. Qc1 Ba3 15. Ne4 Nxe4 16. Bxa5 Bxc1 17. Bxe4 d2+ 18. Ke2 0-0 19. dxc6 Nxc6 20. Bxc6 bxc6 21. Rd1 Rfc8 22. Bxd2 Ba3 23. Bc1 Bf8 24. Rd4 g6 25. Rc4 a5 26. Bd2 a4 27. bxa4 Rcb8 28. Bc3 Bg7 29. Kd3 Rb7 30. Bxg7 Kxg7 31. Kc3 Rab8 32. Rc1 h5 33. Rc2 Rb6 34. h4 R8b7 35. Rf4 Rb8 36. Rc4 Kg8 37. Kd4 Ra6 38. Kd3 Kg7 39. Kc3 Rab6 40. Kd4 Ra6 41. Kc5 Rba8 42. Kd6 Rd8+ 43. Kc7 Rda8 44. Rb2 c5 45. Rb6 Rxa4 46. Rxa4 Rxa4 47. Rb2 c4 48. Kc6 Ra5 49. Kb6 Rd5 50. Rc2 c3 51. a4 Rd2 52. Rxc3 Rb2+ 53. Kc5 Rxf2 54. a5 Kf6 55. a6 Ra2 56. Kb6 Rb2+ 57. Kc7 Ra2 58. Rc6+ Ke7 59. Kb7 Kd7 60. Rb6 Rc2 61. a7 Rc7+ 62. Ka6 Rc8 63. Rb7+ Kd6 64. Rxf7 Kc5 65. Kb7 Kd5 1-0

[Event "ITA-chT Final 56th"]
[Site "Darfo Boario Terme"]
[Date "2025.04.08"]
[Round "2.27"]
[White "Marchesich, Giovanni"]
[Black "Tripodi, Enzo"]
[Result "0-1"]
[WhiteElo "2212"]
[BlackElo "2207"]
[PlyCount "44"]
[EventDate "2025.04.07"]
[EventType "team-swiss"]
[EventRounds "9"]
[EventCountry "ITA"]
[SourceTitle "CB16_2025"]
[SourceDate "2025.04.16"]
[SourceVersion "1"]
[SourceVersionDate "2025.04.16"]
[SourceQuality "1"]
[WhiteTeam "Palmascacchi Blacks"]
[BlackTeam "Torino"]
[WhiteTeamCountry "ITA"]
[BlackTeamCountry "ITA"]

1. e4 c6 2. d4 d5 3. e5 c5 4. dxc5 e6 5. c3 Bxc5 6. Qg4 Ne7 7. b4 Bb6 8. Qxg7 Rg8 9. Qxh7 Nbc6 10. Nf3 Qc7 11. Bf4 Bd7 12. Bg3 0-0-0 13. a4 Nxb4 14. a5 Rh8 15. axb6 Qxb6 16. Qxh8 Nc2+ 17. Kd1 Nxa1 18. Qh7 Ba4+ 19. Kc1 Nb3+ 20. Kb2 Nf5 21. Ka2 Nc1+ 22. Ka1 Qb3 0-1

[Event "Titled Tuesday intern op 13th Aug Early"]
[Site "Chess.com INT"]
[Date "2024.08.13"]
[Round "3"]
[White "Tripodi, Enzo"]
[Black "Corredor Castellanos, Camilo"]
[Result "1-0"]
[WhiteElo "2192"]
[BlackElo "1974"]
[PlyCount "47"]
[EventDate "2024.08.13"]
[EventType "swiss (blitz)"]
[EventRounds "11"]
[EventCountry "USA"]
[SourceTitle "EXT 2025"]
[Source "ChessBase"]
[SourceDate "2024.10.14"]
[SourceVersion "1"]
[SourceVersionDate "2024.10.14"]
[SourceQuality "1"]

1. d4 Nf6 2. Nf3 d5 3. g3 c5 4. Bg2 Nc6 5. 0-0 cxd4 6. Nxd4 e6 7. c4 Be7 8. Nc3 0-0 9. cxd5 exd5 10. Bg5 Be6 11. Nxe6 fxe6 12. Bh3 Kf7 13. e3 a6 14. Ne2 Qb6 15. Nf4 Nd8 16. Bxf6 Bxf6 17. Qh5+ Kg8 18. Rab1 g6 19. Qg4 Re8 20. Nxg6 Bg7 21. Nf4 Rc8 22. Nh5 Rc7 23. Nf6+ Kf7 24. Nxe8 1-0

[Event "Omegna op"]
[Site "Omegna"]
[Date "2024.08.10"]
[Round "2"]
[White "Gardi, Giuseppe"]
[Black "Tripodi, Enzo"]
[Result "0-1"]
[WhiteElo "1837"]
[BlackElo "2192"]
[PlyCount "60"]
[EventDate "2024.08.09"]
[EventType "swiss"]
[EventRounds "5"]
[EventCountry "ITA"]
[SourceTitle "EXT 2025"]
[Source "ChessBase"]
[SourceDate "2024.10.14"]
[SourceVersion "1"]
[SourceVersionDate "2024.10.14"]
[SourceQuality "1"]

1. d4 d5 2. Bf4 Nf6 3. e3 c5 4. c3 Nc6 5. Bd3 Qb6 6. Qc1 e6 7. Nf3 Bd7 8. Nbd2 Rc8 9. Qb1 a6 10. 0-0 Nh5 11. Ne5 Nxf4 12. Nxd7 Kxd7 13. dxc5 Qc7 14. exf4 Qxf4 15. Qd1 Ne5 16. Be2 Bxc5 17. c4 dxc4 18. Nxc4+ Ke7 19. Nxe5 Qxe5 20. Bf3 Rhd8 21. Qb3 b5 22. Rae1 Qb8 23. Re2 Qb6 24. Be4 g6 25. Qh3 Bd4 26. Qh4+ Bf6 27. Qg4 Rc4 28. b3 Rc3 29. Bf3 Rd4 30. Re4 h5 0-1

[Event "Omegna op"]
[Site "Omegna"]
[Date "2024.08.10"]
[Round "3"]
[White "Tripodi, Enzo"]
[Black "Mina, Marco"]
[Result "1-0"]
[WhiteElo "2192"]
[BlackElo "1951"]
[PlyCount "67"]
[EventDate "2024.08.09"]
[EventType "swiss"]
[EventRounds "5"]
[EventCountry "ITA"]
[SourceTitle "EXT 2025"]
[Source "ChessBase"]
[SourceDate "2024.10.14"]
[SourceVersion "1"]
[SourceVersionDate "2024.10.14"]
[SourceQuality "1"]

1. e4 e6 2. d4 d5 3. Nc3 Bb4 4. e5 c5 5. a3 Bxc3+ 6. bxc3 Ne7 7. h4 Qc7 8. h5 h6 9. Nf3 b6 10. a4 Ba6 11. Bxa6 Nxa6 12. Qe2 c4 13. Nh4 0-0-0 14. f4 Qd7 15. g4 Nc7 16. Ba3 Kb7 17. Kd2 Rhe8 18. Rhf1 f5 19. g5 Nc6 20. Rg1 Rg8 21. Rg3 hxg5 22. fxg5 Ka8 23. Ng6 Na5 24. Bb4 Nc6 25. Bd6 Ne8 26. Ba3 Na5 27. Nf8 Qc6 28. Be7 Rb8 29. Ng6 Qb7 30. Ba3 Nc6 31. Rag1 Qa6 32. h6 gxh6 33. gxh6 Rb7 34. Qh5 1-0

[Event "ITA-ch sf 83rd"]
[Site "Parma"]
[Date "2024.07.28"]
[Round "9"]
[White "Tripodi, Enzo"]
[Black "Casadio, Niccolo"]
[Result "0-1"]
[WhiteElo "2163"]
[BlackElo "2315"]
[PlyCount "74"]
[EventDate "2024.07.21"]
[EventType "swiss"]
[EventRounds "9"]
[EventCountry "ITA"]
[SourceTitle "CBM 221 Extra"]
[Source "ChessBase"]
[SourceDate "2024.09.30"]
[SourceVersion "1"]
[SourceVersionDate "2024.09.30"]
[SourceQuality "1"]

1. e4 e6 2. d4 d5 3. Nc3 Bb4 4. e5 c5 5. a3 Bxc3+ 6. bxc3 Nc6 7. h4 Bd7 8. h5 Qa5 9. Bd2 0-0-0 10. Nf3 f6 11. h6 gxh6 12. c4 Qc7 13. cxd5 exd5 14. e6 Bxe6 15. dxc5 Nge7 16. g3 Ng6 17. Bg2 h5 18. Rxh5 Bg4 19. Bh3 Bxh3 20. Rxh3 Nce5 21. Nd4 Qxc5 22. Ne6 Qc4 23. Nxd8 Re8 24. Be3 Rxd8 25. f3 d4 26. Bd2 Qe6 27. Rxh7 Nxf3+ 28. Kf2 Nxd2 29. Qxd2 Qf5+ 30. Kg1 Ne5 31. Qh6 Nf3+ 32. Kg2 Qe4 33. Qf4 Ne1+ 34. Kf1 Qg2+ 35. Kxe1 Re8+ 36. Kd1 Qe2+ 37. Kc1 Qe1+ 0-1

[Event "ITA-ch sf 83rd"]
[Site "Parma"]
[Date "2024.07.27"]
[Round "8"]
[White "Paduano, Claudio"]
[Black "Tripodi, Enzo"]
[Result "1-0"]
[WhiteElo "2197"]
[BlackElo "2163"]
[PlyCount "66"]
[EventDate "2024.07.21"]
[EventType "swiss"]
[EventRounds "9"]
[EventCountry "ITA"]
[SourceTitle "CBM 221 Extra"]
[Source "ChessBase"]
[SourceDate "2024.09.30"]
[SourceVersion "1"]
[SourceVersionDate "2024.09.30"]
[SourceQuality "1"]

1. d4 f5 2. Nf3 Nf6 3. g3 g6 4. Bg2 Bg7 5. 0-0 0-0 6. c4 d6 7. Nc3 c6 8. d5 e5 9. dxe6 Bxe6 10. Qd3 Na6 11. Ng5 Qe7 12. Bf4 Rad8 13. Rad1 Nh5 14. Qe3 Nxf4 15. gxf4 Rfe8 16. Nxe6 Qxe6 17. Qxa7 Qxc4 18. Qxb7 Nb8 19. e3 Kh8 20. Rc1 Qe6 21. Bxc6 Nxc6 22. Qxc6 Rb8 23. Nb5 Bxb2 24. Nc7 Qc8 25. Nxe8 Bxc1 26. Rxc1 Qxe8 27. Qxd6 Kg7 28. Qe5+ Qxe5 29. fxe5 Kf7 30. Ra1 Ke6 31. f4 Kd5 32. a4 Ke4 33. a5 Kd5 1-0

[Event "ITA-chT GpA 55th"]
[Site "Vasto"]
[Date "2024.04.09"]
[Round "3.8"]
[White "Tripodi, Enzo"]
[Black "Podetti, Davide"]
[Result "0-1"]
[WhiteElo "2152"]
[BlackElo "2280"]
[PlyCount "116"]
[EventDate "2024.04.08"]
[EventType "team-tourn"]
[EventRounds "7"]
[EventCountry "ITA"]
[SourceTitle "CBM 219 Extra"]
[Source "ChessBase"]
[SourceDate "2024.05.31"]
[SourceVersion "1"]
[SourceVersionDate "2024.05.31"]
[SourceQuality "1"]
[WhiteTeam "Torino"]
[BlackTeam "Cerianese Scacchistica"]
[WhiteTeamCountry "ITA"]
[BlackTeamCountry "ITA"]

1. e4 e5 2. Nf3 Nc6 3. Bb5 a6 4. Ba4 Nf6 5. 0-0 b5 6. Bb3 Bc5 7. c3 d6 8. d4 Bb6 9. Be3 0-0 10. Nbd2 h6 11. h3 Re8 12. Re1 Rb8 13. Bc2 Bb7 14. a3 Na7 15. dxe5 Bxe3 16. Rxe3 dxe5 17. b4 Nc8 18. c4 Na7 19. Qf1 Nc6 20. Nb3 Nd4 21. Nfxd4 exd4 22. Rd3 Nxe4 23. Rxd4 Qg5 24. cxb5 axb5 25. Re1 Nd6 26. Rg4 Rxe1 27. Qxe1 Qf6 28. Rg3 Nc4 29. Nc5 Bc6 30. Qc3 Qxc3 31. Rxc3 Bd5 32. Na6 Rb7 33. a4 bxa4 34. Bxa4 Nb2 35. Bc2 Bc4 36. Re3 g6 37. Nc5 Rxb4 38. Nd7 c6 39. Nf6+ Kg7 40. Ne8+ Kf8 41. Nd6 Bd5 42. Re8+ Kg7 43. Rc8 Kf6 44. Rc7 Ke6 45. Nxf7 Nc4 46. Bxg6 Kf6 47. Bh5 Nd2 48. f4 Rb1+ 49. Kf2 Ne4+ 50. Ke3 Ng3 51. Nxh6 Rb3+ 52. Kd4 Nxh5 53. Ng4+ Ke6 54. f5+ Kd6 55. Rxc6+ Bxc6 56. Ne3 Bb5 57. g4 Nf6 58. g5 Rd3# 0-1

[Event "Treviso Master op 4th"]
[Site "Treviso"]
[Date "2023.04.02"]
[Round "4"]
[White "Tripodi, Enzo"]
[Black "Loiacono, Leonardo"]
[Result "0-1"]
[WhiteElo "2120"]
[BlackElo "2303"]
[PlyCount "80"]
[EventDate "2023.03.31"]
[EventType "swiss"]
[EventRounds "5"]
[EventCountry "ITA"]
[SourceTitle "EXT 2024"]
[Source "ChessBase"]
[SourceDate "2023.10.10"]
[SourceVersion "1"]
[SourceVersionDate "2023.10.10"]
[SourceQuality "1"]

1. e4 g6 2. d4 Bg7 3. Nc3 d6 4. Be3 c6 5. Qd2 b5 6. Nf3 Nf6 7. Bh6 0-0 8. Bd3 Bg4 9. h4 Bxf3 10. gxf3 e5 11. dxe5 dxe5 12. h5 Nxh5 13. Rxh5 gxh5 14. 0-0-0 Kh8 15. Bxg7+ Kxg7 16. Rh1 Qf6 17. Nd1 Kh8 18. Rxh5 Rg8 19. Rf5 Qe6 20. Qc3 Nd7 21. Ne3 f6 22. Ng4 Rg5 23. a4 Rxf5 24. exf5 Qd6 25. axb5 cxb5 26. Bxb5 Nb6 27. f4 Rd8 28. Bd3 e4 29. Nxf6 Na4 30. Nxe4+ Nxc3 31. Nxd6 Rxd6 32. bxc3 h5 33. Kd2 h4 34. Ke3 h3 35. Kf3 Rh6 36. Kg4 h2 37. Be4 h1Q 38. Bxh1 Rxh1 39. f6 Kg8 40. Kf5 Kf7 0-1

[Event "Piestany Slovakia op-A"]
[Site "Piestany"]
[Date "2022.07.16"]
[Round "7"]
[White "Sevcikova, Lucia"]
[Black "Tripodi, Enzo"]
[Result "1-0"]
[WhiteElo "2036"]
[BlackElo "2141"]
[PlyCount "105"]
[EventDate "2022.07.11"]
[EventType "swiss"]
[EventRounds "9"]
[EventCountry "SVK"]
[SourceTitle "CBM 209 Extra"]
[Source "ChessBase"]
[SourceDate "2022.09.30"]
[SourceVersion "1"]
[SourceVersionDate "2022.09.30"]
[SourceQuality "1"]

1. d4 f5 2. g3 Nf6 3. Bg2 g6 4. Nf3 Bg7 5. 0-0 0-0 6. c4 d6 7. Nc3 c6 8. b3 e5 9. dxe5 dxe5 10. Ba3 Qxd1 11. Raxd1 Re8 12. e4 fxe4 13. Ng5 Bg4 14. Rde1 Na6 15. Ngxe4 Nxe4 16. Nxe4 Rad8 17. Nd6 Re7 18. f3 c5 19. Nxb7 Rxb7 20. fxg4 Rbd7 21. Bd5+ Kh8 22. Bb2 Nb4 23. Bxe5 Nxd5 24. Bxg7+ Kxg7 25. cxd5 Rxd5 26. Re7+ Kh6 27. Rxa7 Rd4 28. g5+ Kxg5 29. Rxh7 Rd2 30. Ra7 Rh8 31. Rf2 Rxf2 32. h4+ Kg4 33. Kxf2 Rf8+ 34. Kg2 Rd8 35. Ra4+ Kf5 36. Kh3 Ke5 37. Rc4 Kd5 38. Kg4 Ra8 39. Rc2 Kd4 40. Kg5 Ra6 41. g4 Rc6 42. h5 gxh5 43. gxh5 Kd3 44. Rc4 Ra6 45. a4 Rb6 46. Rxc5 Rxb3 47. h6 Kd4 48. Rb5 Rg3+ 49. Kf6 Kc4 50. h7 Rh3 51. Kg6 Rg3+ 52. Rg5 Rh3 53. Kg7 1-0